Письма графа Александра Дмитриевича Шереметева, сына, своему отцу графу Дмитрию Николаевичу Шереметеву

RUSMARC
00005694cbc2a2200253#x 450
00125e007d2-01a1-4e33-93e2-64b869fe3136
00520241112132522.0
100##$a20230504l18591871k l0rusy0189 ca
1010#$arus
$afre
102##$aRU
105##$aa###
1222#$ad18590921##
$ad187111####
2001#$aПисьма графа Александра Дмитриевича Шереметева, сына, своему отцу графу Дмитрию Николаевичу Шереметеву
$j21 сентября 1859 г. - ноябрь 1871 г.
215##$a64 листа
$cрис.
$d37х25,5 см
251##$cДело
300##$aНа русском и французском языках
371##$aДокумент не является опубликованным и широко распространяемым
461#0$100198b93a77-94f0-46bb-a7e0-b5027cc72a67
$12001
$aШереметевы, графы
$1251
$cФонд
$1852
$j1088
462#0$1001d3ce280e-361b-49f4-86d2-e1a120f828b4
$12001
$aЛичные документы, переписка и документы, связанные со служебной и общественной деятельностью графов Бориса Петровича, Петра Борисовича, Николая Петровича и Дмитрия Шереметевых
$vД. 597
$1251
$cОпись
$1852
$j1
801#0$aRU
$bРГИА
$c20230504
801#1$aRU
$bГлавНИВЦ
$c20230504
$2rusmarc
801#2$aRU
$bПБ им. Б.Н. Ельцина
$c20230908
$gRCR
$2rusmarc
850##$aФедеральное казенное учреждение "Российский государственный исторический архив"
852##$aРГИА
$j597
937##$hРГИА
$d12399607
$aASBIBLIO_SCAN
035##$aRusGRCC00060104
856##$uhttp://readingroom.main.prlib.ru/item.aspx?id_node=n187423462&mode=full
330##$aГраф Дмитрий Николаевич Шереметев и его семья. Переписка. Письма разных лиц Д. Н. Шереметеву
600#1$2nlr_sh
$3RU\NLR\AUTH\661568947
$aШереметев
$bА.Д.
$f1859 - 1931
$gАлександр Дмитриевич
$jАрхивные дела
600#1$2prlib_sh
$3LIBNET\UAF\0000107751
$aШереметев
$bД. Н.
$f1803-1871
$gДмитрий Николаевич
$jАрхивные дела
602##$2nlr_sh
$3RU\NLR\AUTH\66239477
$aШереметевы (род)
$jАрхивные дела
605##$2acquisition_Prlib
$3DITM\AF\0000003834
$aНарод
$lколлекция
605##$2acquisition_Prlib
$3DITM\AF\0000004166
$aРоссия в лицах
$lколлекция
686##$2rubbk
$a63.3(2)52-8ю1
$vLBC/M
686##$2rubbk
$a63.214(2)ю1
$vLBC/M
Формат отображения